000
00255nam a2200109Ia 4500
008
220204s9999 xx 000 0 und d
082
_a
657.6
_b
WAS
100
_a
Washbrook, H
245
0
_a
Board and management audit
260
_a
London
_c
1978
942
_c
BK
999
_c
28550
_d
28550